Statistics for NBA teams Dwight Howard has played on

Click here to take the quiz!

General Stats

  • This quiz has been taken 68 times
  • The average score is 6 of 7

Answer Stats

Years with teamTeam% Correct
2013,2020Los Angeles Lakers
98%
2005-2012Orlando Magic
96%
2014-2016Houston Rockets
87%
2017Atlanta Hawks
80%
2021Philadelphia 76ers
76%
2018Charlotte Hornets
74%
2019Washington Wizards
67%

Score Distribution

Percentile by Number Answered

Percent of People with Each Score

Your Score History

You have not taken this quiz